[Event "Titled Tue 26th Aug Late"]
[Site "chess.com INT"]
[Date "2025.08.26"]
[Round "10"]
[White "Mottola, Max"]
[Black "Banzea, Alexandru-Bogdan"]
[Result "0-1"]
[BlackTitle "IM"]
[WhiteElo "2183"]
[BlackElo "2394"]
[WhiteFideId "30985862"]
[BlackFideId "1232622"]
[EventDate "2025.08.26"]

1. d4 Nf6 2. Bf4 g6 3. Nc3 d5 4. Nb5 Na6 5. e3 Bg7 6. Nc3 Nb8 7. Nb5 Na6 8. Nc3
Nb8 9. h3 O-O 10. Nb5 Na6 11. Nf3 Ne4 12. Nd2 Nxd2 13. Qxd2 c6 14. Nc3 Nb8 15.
h4 Nd7 16. h5 e5 17. dxe5 Nxe5 18. O-O-O Qa5 19. Kb1 b5 20. e4 b4 21. Ne2 Nc4
22. Qd3 Nxb2 23. Qg3 Nxd1 0-1

[Event "Titled Tue 26th Aug Late"]
[Site "chess.com INT"]
[Date "2025.08.26"]
[Round "10"]
[White "Leiva, Gianmarco"]
[Black "Bulgak, Damir"]
[Result "1-0"]
[WhiteTitle "IM"]
[BlackTitle "CM"]
[WhiteElo "2379"]
[BlackElo "2254"]
[WhiteFideId "3804399"]
[BlackFideId "13528882"]
[EventDate "2025.08.26"]

1. e4 c5 2. Nf3 Nc6 3. d4 cxd4 4. Nxd4 Nf6 5. Nc3 e5 6. Ndb5 d6 7. Bg5 a6 8. Na3
b5 9. Nd5 Be7 10. Bxf6 Bxf6 11. c4 b4 12. Nc2 a5 13. Qf3 Be6 14. Rd1 Bg5 15. h4
Bxh4 16. c5 Bg5 17. Bb5 Rc8 18. Nb6 O-O 19. Rxd6 Nd4 20. Nxd4 Qxd6 21. cxd6 Rc1+
22. Ke2 Rxh1 23. Nxe6 fxe6 24. Qg4 Bh4 25. g3 Bd8 26. Nd7 Rf7 27. Qxe6 Rh6 28.
Qe8+ Rf8 29. Qxf8# 1-0

[Event "Titled Tue 26th Aug Late"]
[Site "chess.com INT"]
[Date "2025.08.26"]
[Round "10"]
[White "Garcia Hernandez, Rebeca"]
[Black "De Sousa, Daniel Aguiar"]
[Result "1-0"]
[WhiteTitle "WCM"]
[WhiteElo "1943"]
[BlackElo "1985"]
[WhiteFideId "5180872"]
[BlackFideId "44736797"]
[EventDate "2025.08.26"]

1. d4 Nf6 2. c4 e6 3. Nf3 d5 4. g3 c6 5. Bg2 Bd6 6. O-O Nbd7 7. Qc2 e5 8. dxe5
Nxe5 9. Nbd2 b6 10. e4 Bb7 11. Nxe5 Bxe5 12. exd5 cxd5 13. Re1 Qd6 14. Nf3 Nd7
15. Nxe5 Nxe5 16. f4 f6 17. fxe5 fxe5 18. cxd5 O-O 19. Be3 Rac8 20. Qd2 Rcd8 21.
Rf1 Rfe8 22. Be4 Bxd5 23. Rad1 Bxe4 24. Qxd6 Rxd6 25. Rxd6 Bg6 26. Rd7 a5 27.
Bxb6 e4 28. Be3 Rb8 29. b3 h6 30. Rc1 Kh7 31. Rcc7 Rg8 32. Bd4 Bf5 33. Rxg7+
Rxg7 34. Rxg7+ 1-0

[Event "Titled Tue 26th Aug Late"]
[Site "chess.com INT"]
[Date "2025.08.26"]
[Round "10"]
[White "Shton, Roman"]
[Black "Vasynda, Oleksandr"]
[Result "0-1"]
[BlackTitle "FM"]
[WhiteElo "2081"]
[BlackElo "2209"]
[WhiteFideId "14137461"]
[BlackFideId "14176297"]
[EventDate "2025.08.26"]

1. d4 d5 2. Nf3 Nf6 3. g3 e6 4. Bg2 Be7 5. c4 c6 6. O-O b5 7. c5 Ne4 8. Nfd2 f5
9. f3 Nxd2 10. Bxd2 Bf6 11. Be3 e5 12. Nc3 O-O 13. dxe5 Bxe5 14. Bd4 Qf6 15.
Bxe5 Qxe5 16. e4 d4 17. Ne2 Rd8 18. b4 d3 19. Nf4 Qd4+ 20. Kh1 Qxb4 21. exf5
Bxf5 22. Re1 Na6 23. a3 Qxc5 24. Rc1 Qd6 25. Qb3+ Kh8 26. Red1 Rac8 27. Qf7 Qd7
28. Qh5 h6 29. g4 Bh7 30. g5 Qf5 31. Nxd3 Rxd3 32. Bh3 Rxd1+ 33. Rxd1 Bg6 34.
Bxf5 Bxh5 35. Bxc8 Bxf3+ 36. Kg1 Bxd1 37. Bxa6 hxg5 38. Bb7 c5 39. Bc6 b4 40.
Kf2 bxa3 41. Bd5 a5 42. Ba2 a4 43. Ke1 Bb3 44. Kd2 Bxa2 0-1

[Event "Titled Tue 26th Aug Late"]
[Site "chess.com INT"]
[Date "2025.08.26"]
[Round "10"]
[White "Harish, Neeraj"]
[Black "Sobek, Jaroslav"]
[Result "0-1"]
[WhiteTitle "CM"]
[BlackTitle "FM"]
[WhiteElo "2028"]
[BlackElo "2195"]
[WhiteFideId "30958130"]
[BlackFideId "301388"]
[EventDate "2025.08.26"]

1. e4 c5 2. Nf3 a6 3. c4 Nc6 4. Nc3 e5 5. d3 d6 6. g3 Bg4 7. Bg2 Nd4 8. h3 Bxf3
9. Bxf3 h6 10. O-O Nf6 11. Bg2 Be7 12. Be3 O-O 13. Rb1 a5 14. Kh2 Rb8 15. f4 Qd7
16. f5 Ne8 17. g4 Bh4 18. Nd5 b5 19. Qd2 bxc4 20. dxc4 Nf6 21. Rg1 Nxd5 22. cxd5
Qe7 23. Rbf1 Bg5 24. b3 Rb4 25. Bxg5 Qxg5 26. Qxg5 hxg5 27. f6 g6 28. Rc1 Ra8
29. Rc4 Rxc4 30. bxc4 Rb8 31. Kg3 Rb2 32. Rc1 a4 33. a3 Rb3+ 34. Kh2 Rxa3 35.
Rb1 Rb3 0-1

[Event "Titled Tue 26th Aug Late"]
[Site "chess.com INT"]
[Date "2025.08.26"]
[Round "10"]
[White "Ellison, Jeremy"]
[Black "Alazmi, Amani"]
[Result "0-1"]
[WhiteTitle "CM"]
[BlackTitle "WCM"]
[WhiteElo "1819"]
[BlackElo "1745"]
[WhiteFideId "241000030"]
[BlackFideId "10303553"]
[EventDate "2025.08.26"]

1. d4 d5 2. Nc3 e6 3. Bf4 Bd6 4. e3 Bxf4 5. exf4 Nf6 6. Nf3 O-O 7. Ne5 Nbd7 8.
Bd3 c5 9. dxc5 Nxc5 10. Qf3 Nxd3+ 11. Nxd3 b6 12. g4 Bb7 13. Rg1 Ne4 14. Ne5 Rc8
15. Nxe4 dxe4 16. Qe2 Qd4 17. c3 Rxc3 18. Rd1 Rd3 19. Nxd3 exd3 20. Qxd3 Qxf4
21. g5 Bf3 22. Rd2 Qxh2 23. Rg3 Bh5 24. Qf1 Qh4 25. Qd3 Qh1+ 26. Qf1 Qe4+ 27.
Re3 Qb1+ 0-1

[Event "Titled Tue 26th Aug Late"]
[Site "chess.com INT"]
[Date "2025.08.26"]
[Round "10"]
[White "Peek, Maurice"]
[Black "Poleg, Matan"]
[Result "1-0"]
[WhiteTitle "IM"]
[BlackTitle "FM"]
[WhiteElo "2381"]
[BlackElo "2277"]
[WhiteFideId "1004239"]
[BlackFideId "2811472"]
[EventDate "2025.08.26"]

1. d4 Nf6 2. c4 e6 3. g3 d5 4. Bg2 Bb4+ 5. Nd2 O-O 6. Qc2 c6 7. Nf3 Nbd7 8. O-O
b6 9. e4 Bb7 10. b3 Be7 11. Bb2 Rc8 12. Rad1 dxe4 13. Nxe4 Nxe4 14. Qxe4 Nf6 15.
Qc2 Qc7 16. Rfe1 Rfd8 17. a3 Qb8 18. b4 c5 19. dxc5 bxc5 20. Ng5 g6 21. Bxb7
Qxb7 22. Qc3 cxb4 23. axb4 Rxd1 24. Rxd1 Rd8 25. Rxd8+ Bxd8 26. c5 h6 27. c6 Qc7
28. Ne4 1-0

[Event "Titled Tue 26th Aug Late"]
[Site "chess.com INT"]
[Date "2025.08.26"]
[Round "10"]
[White "Chahin Godoy, Angel Eduardo"]
[Black "Oluka Robert Mcligeyo"]
[Result "1-0"]
[WhiteTitle "CM"]
[BlackTitle "CM"]
[WhiteElo "2002"]
[BlackElo "2081"]
[WhiteFideId "8404925"]
[BlackFideId "10814647"]
[EventDate "2025.08.26"]

1. Nf3 d5 2. d4 c5 3. g3 Nc6 4. Bg2 Bg4 5. O-O Bxf3 6. Bxf3 Nxd4 7. Bg2 e6 8. c4
Nf6 9. Nc3 Be7 10. e3 Nc6 11. cxd5 exd5 12. Nxd5 Nxd5 13. Bxd5 Qc7 14. Qf3 O-O
15. Bd2 Bf6 16. Rac1 Qb6 17. b3 Rad8 18. Rfd1 Ne5 19. Qe4 Rfe8 20. Bc3 Nc6 21.
Qc4 Rxd5 22. Rxd5 Bxc3 23. Rxc3 Qa5 24. Qxc5 Qxa2 25. Rcd3 h6 26. Qb5 Ne5 27.
Qxe8+ 1-0

[Event "Titled Tue 26th Aug Late"]
[Site "chess.com INT"]
[Date "2025.08.26"]
[Round "10"]
[White "Khlebovich, Alexander"]
[Black "Tica, Sven"]
[Result "1-0"]
[WhiteTitle "IM"]
[BlackTitle "IM"]
[WhiteElo "2423"]
[BlackElo "2442"]
[WhiteFideId "4169123"]
[BlackFideId "14526948"]
[EventDate "2025.08.26"]

1. d4 g6 2. c4 Bg7 3. Nf3 d6 4. g3 Nd7 5. Nc3 e5 6. Bg2 Ne7 7. O-O O-O 8. e3 h6
9. b3 f5 10. dxe5 dxe5 11. Bb2 e4 12. Nd4 Ne5 13. Ba3 Rf7 14. Qc2 Nd3 15. Rad1
c5 16. Nde2 Qa5 17. Na4 b6 18. Rxd3 exd3 19. Qxd3 Rb8 20. Qd8+ Bf8 21. Qc7 Rb7
22. Bxb7 Bxb7 23. Qxb7 Qd2 24. Nac3 Bg7 25. Rd1 Qc2 26. Rc1 Qd2 27. Qf3 f4 28.
exf4 Nf5 29. Rd1 Qc2 30. Qd3 1-0

[Event "Titled Tue 26th Aug Late"]
[Site "chess.com INT"]
[Date "2025.08.26"]
[Round "10"]
[White "Kulik, Nicolas"]
[Black "Rabin, Evan"]
[Result "1-0"]
[WhiteElo "2111"]
[BlackElo "1945"]
[WhiteFideId "3009530"]
[BlackFideId "2028670"]
[EventDate "2025.08.26"]

1. e4 Nf6 2. e5 Nd5 3. d4 d6 4. c4 Nb6 5. exd6 cxd6 6. Nc3 g6 7. Be3 Bg7 8. Rc1
O-O 9. b3 e5 10. dxe5 dxe5 11. Qxd8 Rxd8 12. Nb5 Nc6 13. Nf3 Nd4 14. Bxd4 exd4
15. Bd3 Bg4 16. O-O Bxf3 17. gxf3 Nd7 18. Nc7 Rac8 19. Nd5 Ne5 20. Ne7+ Kf8 21.
Nxc8 Nxd3 22. Rcd1 Nf4 23. Nxa7 Ra8 24. Nb5 Rxa2 25. Ra1 Rb2 26. Rfe1 Bf6 27.
Nd6 Nh3+ 28. Kg2 Nxf2 29. Ra8+ Kg7 30. Ne8+ Kh6 31. Nxf6 Nd3+ 32. Kf1 Nxe1 33.
Kxe1 Rxb3 34. Ke2 Rb2+ 35. Kd3 Rxh2 36. Ng4+ Kg5 37. Nxh2 h5 38. Ra5+ f5 39. Rb5
Kf4 40. Rxb7 Kg3 41. c5 Kxh2 42. c6 g5 43. c7 g4 44. c8=Q 1-0

[Event "Titled Tue 26th Aug Late"]
[Site "chess.com INT"]
[Date "2025.08.26"]
[Round "10"]
[White "Almagro Mazariegos, Sebastian"]
[Black "Gajic, Mladen"]
[Result "1-0"]
[WhiteTitle "FM"]
[BlackTitle "FM"]
[WhiteElo "2259"]
[BlackElo "2246"]
[WhiteFideId "2221640"]
[BlackFideId "1709178"]
[EventDate "2025.08.26"]

1. d4 e6 2. e4 d5 3. Nc3 dxe4 4. Nxe4 Bd7 5. Nf3 Bc6 6. Bd3 Nd7 7. O-O Ngf6 8.
Ng3 Bxf3 9. Qxf3 c6 10. c3 Be7 11. Re1 O-O 12. Bf4 a5 13. Rad1 a4 14. a3 Qb6 15.
Bc1 Rfe8 16. Bc2 Rad8 17. Bxa4 Ra8 18. Bc2 c5 19. Ne4 Nxe4 20. Qxe4 Nf6 21. Qf3
cxd4 22. Rxd4 Bc5 23. Rd3 e5 24. Qe2 e4 25. Rdd1 e3 26. fxe3 Re7 27. b4 Bd6 28.
c4 Qc7 29. g3 Be5 30. c5 h5 31. Qg2 Bc3 32. Rf1 Ng4 33. e4 Qe5 34. Rd5 Qe6 35.
Rxh5 Nf6 36. Rhf5 Nxe4 37. Bxe4 Qxe4 38. Qxe4 Rxe4 39. Rxf7 Re2 40. Rxb7 Rd8 41.
c6 Be5 42. b5 Rd3 43. c7 Rc3 44. Rb8+ Kh7 45. c8=Q 1-0

[Event "Titled Tue 26th Aug Late"]
[Site "chess.com INT"]
[Date "2025.08.26"]
[Round "10"]
[White "Mesquita, Eduardo Barbosa"]
[Black "Pniaczek, Marek"]
[Result "0-1"]
[BlackTitle "FM"]
[WhiteElo "2060"]
[BlackElo "2188"]
[WhiteFideId "22757163"]
[BlackFideId "21800421"]
[EventDate "2025.08.26"]

1. e4 d6 2. Nf3 e5 3. d4 exd4 4. Nxd4 Nf6 5. Nc3 Be7 6. Bg5 O-O 7. Qf3 h6 8. Bh4
Re8 9. Bc4 Nbd7 10. O-O-O Ne5 11. Qe2 Nxc4 12. Qxc4 Nxe4 13. Nxe4 Bxh4 14. Nb5
Bf5 15. Ng3 Be6 16. Qxc7 Qg5+ 17. Kb1 Qxb5 18. Ne4 Bxa2+ 19. Kxa2 Rxe4 20. Rxd6
Rc4 21. Qd7 Qxd7 22. Rxd7 Rxc2 23. Rxb7 Rxf2 24. g3 Bf6 25. Rd1 a5 26. Rdd7 a4
27. Kb1 a3 28. Rxf7 a2+ 0-1

[Event "Titled Tue 26th Aug Late"]
[Site "chess.com INT"]
[Date "2025.08.26"]
[Round "10"]
[White "Szpar, Milosz"]
[Black "Kleimenov, Nikolay"]
[Result "1-0"]
[WhiteTitle "GM"]
[BlackTitle "CM"]
[WhiteElo "2490"]
[BlackElo "2244"]
[WhiteFideId "1184989"]
[BlackFideId "34414223"]
[EventDate "2025.08.26"]

1. e4 c5 2. c3 d5 3. exd5 Nf6 4. d4 Nxd5 5. dxc5 e5 6. Nf3 f6 7. b4 Be6 8. a3
Be7 9. c4 Nc7 10. Qxd8+ Kxd8 11. Nc3 Nc6 12. Be3 Ke8 13. Be2 Kf7 14. O-O h6 15.
Rfd1 f5 16. b5 e4 17. bxc6 exf3 18. Bxf3 bxc6 19. Bxc6 Rad8 20. Nd5 Rc8 21. Bb7
Rb8 22. c6 Bxd5 23. cxd5 Rbd8 24. Bxa7 Nxd5 25. Rxd5 Rxd5 26. c7 Rd7 27. Bb6 Bf6
28. Rb1 Rhd8 29. cxd8=Q Bxd8 1-0

[Event "Titled Tue 26th Aug Late"]
[Site "chess.com INT"]
[Date "2025.08.26"]
[Round "10"]
[White "Bagchi, Sounak"]
[Black "Manukian, Artak"]
[Result "0-1"]
[WhiteElo "2030"]
[BlackElo "2104"]
[WhiteFideId "30970059"]
[BlackFideId "13301373"]
[EventDate "2025.08.26"]

1. e4 c6 2. d4 d5 3. Nc3 dxe4 4. Nxe4 Nf6 5. Nxf6+ exf6 6. Nf3 Bd6 7. Bd3 O-O 8.
O-O Bg4 9. h3 Bh5 10. Be2 Re8 11. Be3 f5 12. Qd2 f4 13. Bxf4 Bxf4 14. Qxf4 Rxe2
15. Ne5 Nd7 16. Nc4 Rxc2 17. Ne3 Rxb2 18. Rae1 Nf6 19. Nf5 Bg6 20. Ne7+ Kh8 21.
Re5 Rb5 22. Rfe1 Rxe5 23. Rxe5 Qb6 24. Kh2 Rd8 25. Nf5 Bxf5 26. Qxf5 Qxd4 27. f4
h6 28. Re7 Qd5 29. Qb1 Qd6 30. Rxf7 Qxf4+ 31. Kh1 b5 32. a3 a5 33. Rc7 Qxc7 34.
Qg6 0-1

[Event "Titled Tue 26th Aug Late"]
[Site "chess.com INT"]
[Date "2025.08.26"]
[Round "10"]
[White "Dessyn, Timothee"]
[Black "Reprintsev, Alexander"]
[Result "0-1"]
[WhiteTitle "FM"]
[BlackTitle "IM"]
[WhiteElo "2334"]
[BlackElo "2256"]
[WhiteFideId "651028859"]
[BlackFideId "14100541"]
[EventDate "2025.08.26"]

1. Nf3 Nc6 2. d4 d5 3. c4 e5 4. dxe5 d4 5. a3 g6 6. b4 Bg7 7. Bb2 Nh6 8. Nbd2
O-O 9. g3 Ng4 10. Bg2 Ngxe5 11. Nxe5 Nxe5 12. Nf3 Nxf3+ 13. Bxf3 Bh3 14. Bxb7
Rb8 15. Bf3 a5 16. b5 Qf6 17. Qd2 Rfe8 18. O-O-O a4 19. Bxd4 Qe7 20. Bxg7 Kxg7
21. Kb2 Be6 22. Qc3+ Kg8 23. h4 Qc5 24. Rd4 c6 25. h5 cxb5 26. hxg6 bxc4+ 27.
Ka1 fxg6 28. Rxh7 Qxd4 29. Qxd4 Kxh7 30. Qh4+ Kg8 31. Qf6 Bf7 32. e4 Re6 33. Qc3
Rb3 34. Qxc4 Rxa3+ 35. Kb2 Rb6+ 0-1

[Event "Titled Tue 26th Aug Late"]
[Site "chess.com INT"]
[Date "2025.08.26"]
[Round "10"]
[White "Padalka, Artem"]
[Black "Hua, Lefong"]
[Result "0-1"]
[WhiteTitle "CM"]
[BlackTitle "FM"]
[WhiteElo "2124"]
[BlackElo "2305"]
[WhiteFideId "14118637"]
[BlackFideId "2602253"]
[EventDate "2025.08.26"]

1. d4 Nf6 2. Nf3 g6 3. Bf4 Bg7 4. Nbd2 O-O 5. e3 d6 6. h3 c5 7. c3 b6 8. Be2 Bb7
9. O-O Nbd7 10. a4 a6 11. Qb3 Qc8 12. Rfd1 Bc6 13. Nc4 Rb8 14. Qa3 b5 15. Na5
Ba8 16. axb5 axb5 17. dxc5 Nxc5 18. Nd4 e5 19. Nxb5 Rxb5 20. Bxb5 exf4 21. exf4
Qf5 22. Qb4 Nd5 23. g4 Qc2 24. Ba4 Qe2 25. Qc4 Qf3 26. Bc6 Bxc6 27. Nxc6 Nxf4
28. Ne7+ Kh8 29. Qf1 Nxh3+ 30. Kh2 Be5# 0-1

[Event "Titled Tue 26th Aug Late"]
[Site "chess.com INT"]
[Date "2025.08.26"]
[Round "10"]
[White "Shurakov, Denis"]
[Black "Gustafsson, Jan"]
[Result "0-1"]
[WhiteTitle "CM"]
[BlackTitle "GM"]
[WhiteElo "2085"]
[BlackElo "2591"]
[WhiteFideId "4149734"]
[BlackFideId "4625498"]
[EventDate "2025.08.26"]

1. Nf3 d5 2. e3 c5 3. b3 f6 4. d4 cxd4 5. Nxd4 e5 6. Bb5+ Kf7 7. Ne2 Qa5+ 8.
Nec3 Be6 9. O-O Nc6 10. Be2 Rd8 11. Bd2 Qc7 12. Nb5 Qb6 13. a4 a6 14. N5a3 Bc5
15. c3 Nge7 16. b4 Bd6 17. b5 Na5 18. c4 Nxc4 19. Nxc4 dxc4 20. Qc2 axb5 21.
axb5 Qxb5 22. Na3 Bxa3 23. Rxa3 Nc6 24. Rb1 Rxd2 25. Rxb5 Rxc2 26. Rxb7+ Kg6 0-1

[Event "Titled Tue 26th Aug Late"]
[Site "chess.com INT"]
[Date "2025.08.26"]
[Round "10"]
[White "Pereyra, Horacio"]
[Black "Bhatia, Kanishka"]
[Result "0-1"]
[BlackTitle "WCM"]
[WhiteElo "2133"]
[BlackElo "2067"]
[WhiteFideId "113700"]
[BlackFideId "2410095"]
[EventDate "2025.08.26"]

1. d4 d5 2. Nc3 Nf6 3. Bg5 e6 4. e4 dxe4 5. Nxe4 Nbd7 6. Nxf6+ Nxf6 7. Nf3 Be7
8. c3 O-O 9. Bd3 c5 10. Qc2 h6 11. h4 cxd4 12. Nxd4 Nd5 13. Bd2 Bd7 14. Bxh6
gxh6 15. Qd2 f5 16. Qxh6 Bf6 17. Rh3 Bg7 18. Rg3 Qf6 19. Rg6 Qe7 20. O-O-O Rf6
21. Re1 Rxg6 22. Qxg6 Qf7 23. Qg3 Rc8 24. h5 Kf8 25. Nf3 Qf6 26. Ng5 Bh6 27.
Qd6+ Qe7 0-1

[Event "Titled Tue 26th Aug Late"]
[Site "chess.com INT"]
[Date "2025.08.26"]
[Round "10"]
[White "Pribelszky, Bence"]
[Black "Lisenkov, Svyatoslav"]
[Result "1-0"]
[WhiteTitle "IM"]
[BlackTitle "FM"]
[WhiteElo "2428"]
[BlackElo "2343"]
[WhiteFideId "769738"]
[BlackFideId "34264183"]
[EventDate "2025.08.26"]

1. b4 Nf6 2. Bb2 b6 3. c4 Bb7 4. a3 d5 5. cxd5 Nxd5 6. Nf3 e6 7. e4 Nf4 8. d3
Nd7 9. g3 Ng6 10. Nc3 Nge5 11. d4 Nxf3+ 12. Qxf3 Be7 13. Bg2 O-O 14. O-O Bf6 15.
Rfd1 c5 16. bxc5 bxc5 17. d5 Ne5 18. Qe2 exd5 19. Nxd5 Bxd5 20. Rxd5 Qe7 21. f4
Nc6 22. e5 Rac8 23. Qg4 h5 24. Qh3 Qb7 25. Rd2 Bd8 26. Qxh5 Ba5 27. Rf2 Qe7 28.
Be4 g6 29. Qh6 Nd4 30. f5 Qxe5 31. fxg6 fxg6 32. Bxd4 cxd4 33. Qxg6+ Qg7 34.
Qe6+ Kh8 35. Qh3+ Kg8 36. Bd5+ Rf7 37. Bxf7+ Kf8 38. Qxc8+ Ke7 39. Qe8+ Kd6 40.
Qe6+ Kc7 41. Rc1+ Bc3 42. Be8 d3 43. Rf7+ Qxf7 44. Qxf7+ Kb6 45. Rxc3 d2 46. Rd3
d1=Q+ 47. Rxd1 1-0

[Event "Titled Tue 26th Aug Late"]
[Site "chess.com INT"]
[Date "2025.08.26"]
[Round "10"]
[White "Mikhalsky, Vladimir"]
[Black "Csonka, Balazs"]
[Result "0-1"]
[BlackTitle "IM"]
[WhiteElo "2219"]
[BlackElo "2467"]
[WhiteFideId "14144352"]
[BlackFideId "742910"]
[EventDate "2025.08.26"]

1. d4 Nf6 2. Nc3 d5 3. Bf4 e6 4. Qd2 Bb4 5. f3 c5 6. e3 cxd4 7. exd4 Nc6 8. a3
Ba5 9. Nge2 Bd7 10. h4 O-O 11. h5 h6 12. Bxh6 gxh6 13. Qxh6 Nh7 14. Rh3 Qf6 15.
Qe3 Kh8 16. f4 Rg8 17. h6 Ne7 18. O-O-O Nf5 19. Qf3 Qg6 20. Kb1 Rac8 21. b4 Bb6
22. Qf2 Nf6 23. h7 Rg7 24. Ng1 Rxh7 25. Rxh7+ Qxh7 26. Rd3 Rxc3 27. Rxc3 Ne4 28.
Qe1 Nxc3+ 29. Qxc3 Qh1 30. Qf3 Qxg1 31. Qh5+ Kg8 32. Qg5+ Kf8 0-1

[Event "Titled Tue 26th Aug Late"]
[Site "chess.com INT"]
[Date "2025.08.26"]
[Round "10"]
[White "Mekhitarian, Krikor Sevag"]
[Black "Foldes, Marton Gabor"]
[Result "1-0"]
[WhiteTitle "GM"]
[BlackTitle "FM"]
[WhiteElo "2549"]
[BlackElo "2293"]
[WhiteFideId "2107660"]
[BlackFideId "794708"]
[EventDate "2025.08.26"]

1. Nf3 Nf6 2. c4 c5 3. Nc3 d5 4. cxd5 Nxd5 5. e3 Nc6 6. Bb5 Nb4 7. d4 cxd4 8.
Nxd4 a6 9. Nxc6 Qxd1+ 10. Kxd1 Nxc6 11. Bxc6+ bxc6 12. Ke2 e5 13. b3 Be6 14. Rd1
c5 15. Ba3 c4 16. Bxf8 Rxf8 17. b4 Ke7 18. Rab1 Rfd8 19. a3 Bf5 20. e4 Be6 21.
Ke3 Rxd1 22. Rxd1 Rd8 23. Rxd8 Kxd8 24. Na4 Kc7 25. Nc5 Bc8 26. Kd2 Kc6 27. Kc3
Kb5 28. a4+ Kb6 29. Kxc4 Bg4 30. f3 Bc8 31. Kd5 f6 32. Kd6 a5 33. bxa5+ Kxa5 34.
Kc7 Ba6 35. Nxa6 Kxa6 36. Kd6 Ka5 37. Ke6 Kxa4 38. Kf7 Kb5 39. Kxg7 Kc6 40. Kxf6
Kd6 41. g4 1-0

[Event "Titled Tue 26th Aug Late"]
[Site "chess.com INT"]
[Date "2025.08.26"]
[Round "10"]
[White "Germanovs, Georgijs"]
[Black "Ibarra Jerez, Jose Carlos"]
[Result "1-0"]
[WhiteTitle "CM"]
[BlackTitle "GM"]
[WhiteElo "2260"]
[BlackElo "2545"]
[WhiteFideId "11609710"]
[BlackFideId "2226332"]
[EventDate "2025.08.26"]

1. e4 c5 2. Nf3 Nc6 3. Bb5 e6 4. O-O Nd4 5. Nxd4 cxd4 6. Re1 Bc5 7. Bf1 Ne7 8.
d3 O-O 9. Nd2 f5 10. exf5 Nxf5 11. Ne4 Be7 12. Bf4 d6 13. Qh5 h6 14. g3 e5 15.
Bc1 d5 16. Nd2 Qc7 17. Nf3 Bd6 18. Bg2 Bd7 19. Nh4 Nxh4 20. Bxd5+ Kh7 21. Qxh4
Qxc2 22. Rf1 Bf5 23. Be4 Qe2 24. Bxh6 Bxe4 25. Bg5+ Kg8 26. dxe4 Rac8 27. Be7
Bxe7 28. Qxe7 Rce8 29. Qxb7 a5 30. Rae1 Qc4 31. b3 Qf7 32. Qb5 Qf3 33. Qxa5 Qd3
34. Qd5+ Kh7 35. Rc1 Qe2 36. Rc7 Rf6 37. Qd7 Rg8 38. Qe7 Qxe4 39. Qxf6 1-0

[Event "Titled Tue 26th Aug Late"]
[Site "chess.com INT"]
[Date "2025.08.26"]
[Round "10"]
[White "Alvarado, Carlos"]
[Black "Paval, George"]
[Result "1-0"]
[WhiteTitle "CM"]
[WhiteElo "2032"]
[BlackElo "2139"]
[WhiteFideId "3800555"]
[BlackFideId "1214233"]
[EventDate "2025.08.26"]

1. Nf3 Nf6 2. e3 e6 3. b3 c5 4. Bb2 b6 5. c4 Bb7 6. d3 Be7 7. Be2 O-O 8. O-O d5
9. Nbd2 Nbd7 10. Qc2 Qc7 11. Rfe1 Rac8 12. Rad1 Rfd8 13. h3 Qb8 14. Qb1 Qa8 15.
Qa1 Bf8 16. Bf1 a6 17. Ne5 Nxe5 18. Bxe5 Nd7 19. Bb2 b5 20. f4 Nb8 21. Nf3 Nc6
22. cxd5 Nb4 23. dxe6 fxe6 24. Ng5 Nc2 25. Qb1 Nxe1 26. d4 g6 27. Rxe1 Re8 28.
Bd3 h6 29. Bxb5 axb5 30. Qxg6+ Bg7 31. d5 Re7 32. Nxe6 Bxd5 33. Nxg7 Bf7 34.
Qxh6 Qe4 35. Nf5 Bd5 36. Nxe7+ Qxe7 37. Qh8+ Kf7 38. Qxc8 Qe4 39. Qd7+ Kf8 40.
Qg7+ Ke8 41. Qe5+ Qxe5 42. Bxe5 1-0

[Event "Titled Tue 26th Aug Late"]
[Site "chess.com INT"]
[Date "2025.08.26"]
[Round "10"]
[White "Patel, Maahir M"]
[Black "Simonovic, Miroslav"]
[Result "1-0"]
[BlackTitle "CM"]
[WhiteElo "2114"]
[BlackElo "2092"]
[WhiteFideId "30995612"]
[BlackFideId "919152"]
[EventDate "2025.08.26"]

1. e4 c5 2. Nf3 a6 3. g3 b5 4. Bg2 Bb7 5. d3 g6 6. O-O Bg7 7. Qe2 d6 8. c3 e5 9.
a4 Ne7 10. axb5 axb5 11. Rxa8 Bxa8 12. Na3 Bc6 13. d4 b4 14. cxb4 cxb4 15. Nc2
b3 16. Nb4 exd4 17. Rd1 Qb6 18. Nxc6 Nbxc6 19. Bf4 Be5 20. Bh6 f6 21. Qc4 g5 22.
Qe6 Rg8 23. Ra1 Rg6 24. Ra8+ Nb8 25. Nxe5 fxe5 26. Qh3 Kf7 27. Bf3 Nd7 28. Qxd7
Qc6 29. Qd8 Rxh6 30. Qf8+ Kg6 31. Re8 g4 32. Bxg4 Qc1+ 33. Kg2 Qg5 34. h3 Nc6
35. Re6+ 1-0

[Event "Titled Tue 26th Aug Late"]
[Site "chess.com INT"]
[Date "2025.08.26"]
[Round "10"]
[White "Goldin, Roman"]
[Black "Jimenez Salas, Maria Teresa"]
[Result "1-0"]
[WhiteTitle "FM"]
[BlackTitle "WIM"]
[WhiteElo "2284"]
[BlackElo "2249"]
[WhiteFideId "2803860"]
[BlackFideId "3843866"]
[EventDate "2025.08.26"]

1. e4 c5 2. Nf3 Nc6 3. c3 Nf6 4. d3 e5 5. Nbd2 d5 6. g3 Bg4 7. Bg2 dxe4 8. dxe4
Bd6 9. O-O O-O 10. Qe2 Qe7 11. Nc4 Bc7 12. Ne3 Bh5 13. Nf5 Qe8 14. h3 Bg6 15. g4
Bxf5 16. exf5 e4 17. Ng5 Qe5 18. Re1 Rae8 19. Kf1 h6 20. Nxe4 Nxe4 21. Qxe4 Qh2
22. Qxe8 Rxe8 23. Rxe8+ Kh7 24. Be3 Ne5 25. Rd1 b6 26. b3 c4 27. Rd5 cxb3 28.
axb3 g6 29. f6 Nc6 30. Rd7 g5 31. Be4# 1-0